000 00622nam a2200181Ia 4500
008 100920s9999 xx 000 0 und d
082 _b99971
_a--- न 07
100 _aनाईक गुरुनाथ.
245 _aमी डोक्याने चालते.
260 _bपायल पब्लिकेशन, पुणे.
_c2007
300 _a207
_bसाधी
365 _b190
520 _aकादंबरी.
630 _aमी डोक्याने चालते.
650 _aकादंबरी.
730 _aमी डोक्याने चालते.
942 _cBOOK
999 _c740409
_d740406